UBT Library

Perspectives on growth and poverty / (Record no. 907)

000 -LEADER
fixed length control field 00718nam a22002297a 4500
008 - FIXED-LENGTH DATA ELEMENTS--GENERAL INFORMATION
fixed length control field 150527b xxu||||| |||| 00| 0 eng d
020 ## - INTERNATIONAL STANDARD BOOK NUMBER
International Standard Book Number 9789280810912
041 0# - LANGUAGE CODE
Language code of text/sound track or separate title eng
080 ## - UNIVERSAL DECIMAL CLASSIFICATION NUMBER
Universal Decimal Classification number 339.9
100 ## - Rafti
Rafti Shorrocks, Anthony
245 00 - TITLE STATEMENT
Title Perspectives on growth and poverty /
Statement of responsibility, etc edited by Rolph van der Hoeven and Anthony Shorrocks.
260 ## -
-- New York :
-- United Nations University Press,
-- c2003.
300 ## -
-- 302 f. :
-- Me il. :
-- 24 cm.
500 ## -
-- Preface: f: [XIX-XXVI]
505 ## -
-- Index : f: [296-302]
650 #0 -
-- zhvillimi ekonomik.
650 #0 -
-- Vendet e zhvilluara.
650 #0 -
-- Edukimi dhe shteti.
700 #1 -
-- Hoeven, Rolph van der.
700 #1 -
-- Shorrocks, Anthony F.
942 ## - ADDED ENTRY ELEMENTS (KOHA)
Source of classification or shelving scheme
Item type Books
Holdings
Withdrawn status Lost status Source of classification or shelving scheme Damaged status Not for loan Collection code Permanent location Current location Shelving location Date acquired Total Checkouts Full call number Barcode Date last seen Koha item type
          Koleksioni i përgjithshem UBT - Lipjan UBT - Lipjan Koleksioni i përgjithshem 05/27/2015   339.9 HOE 002-008583 05/27/2015 Books
UBT Library © 2015-2024. All rights reserved University Education for Business and Technology